Länder, die Guatemala am Nächsten Liegen - Sudden Death - Statistiken

Allgemein
  • Dieses Quiz wurde 32 mal gespielt
  • Das Durchschnittsergebnis liegt bei 9 aus 15
Answers on the Grid
Answers color-coded by a green-red scale on the quiz's grid according to % correct below.
Belize
El Salvador
Honduras
Mexiko
Nicaragua
Costa Rica
Kuba
Kolumbien
Panama
Vereinigte Staaten
Jamaika
Bahamas
Ecuador
Haiti
Dominikanische Republik
Peru
Guyana
Bolivien
Brasilien
Paraguay
St. Kitts und Nevis
Trinidad und Tobago
St. Lucia
Kanada
Uruguay
Argentinien
Antigua und Barbuda
Nauru
Tuvalu
Chile
 
Antwortstatistiken
Antwort % Korrekt
Kuba
86%
Mexiko
86%
Nicaragua
86%
Belize
71%
El Salvador
71%
Haiti
71%
Honduras
71%
Kolumbien
71%
Panama
71%
Costa Rica
57%
Jamaika
57%
Vereinigte Staaten
57%
Dominikanische Republik
43%
Bahamas
14%
Ecuador
14%
Keine übereinstimmenden Quizze gefunden
Verteilung der Resultate
Anzahl Personen mit jedem Resultat
Perzentil nach korrekt beantworteten Fragen
Ihre Resultats-Entwicklung
Sie haben dieses Quiz noch nicht gespielt